[Event "G5-1"]
[Site "Svendborg"]
[Date "2018.03.24"]
[Round "1"]
[White "Svendsen, Peter Willer"]
[Black "Overgaard, Jorgen"]
[Result "1-0"]
[WhiteElo "1938"]
[BlackElo "1825"]
[PlyCount "137"]
[EventDate "2018.03.24"]
[EventType "swiss"]
[EventRounds "5"]
[EventCountry "DEN"]

1. e4 e5 2. Nf3 Nc6 3. Bc4 Nf6 4. d3 Be7 5. O-O O-O 6. c3 d6 7. h3 h6 8. Nbd2
Na5 9. Bb5 Bd7 10. Bxd7 Qxd7 11. Re1 Nc6 12. Nf1 Rae8 13. Ng3 Bd8 14. Nh4 Kh7
15. Nhf5 Ne7 16. Be3 b6 17. Qd2 Nfg8 18. Rad1 Qe6 19. b3 Nxf5 20. Nxf5 Ne7 21.
Ng3 f5 22. f4 exf4 23. Bxf4 g5 24. exf5 Qg8 25. Be3 Nxf5 26. Bf2 Nxg3 27. Bxg3
Rxe1+ 28. Rxe1 Re8 29. d4 Rxe1+ 30. Qxe1 Qg6 31. Qe2 a5 32. Kh2 h5 33. Qb5 Qf7
34. Qc6 h4 35. Qe4+ Kh6 36. Be1 Qf4+ 37. Qxf4 gxf4 38. Kg1 Kg6 39. Kf2 Kf5 40.
Kf3 d5 41. Bd2 Bg5 42. a4 c6 43. b4 Bh6 44. bxa5 bxa5 45. c4 dxc4 46. Bxa5 Bg7
47. Bd2 Bxd4 48. a5 c3 49. Bxf4 c2 50. Bc1 Ke5 51. a6 Kd5 52. Ke2 Kc4 53. Kd2
Kb5 54. Kxc2 Kxa6 55. Kd3 Bf2 56. Bf4 Kb5 57. Ke2 Bd4 58. Bg5 Kc4 59. Bxh4 Kd5
60. Kd3 c5 61. Bg5 c4+ 62. Ke2 Ke4 63. g4 c3 64. h4 c2 65. Bc1 Be5 66. h5 Bf4
67. Bxf4 Kxf4 68. Kd2 Kxg4 69. h6 1-0

[Event "G5-1"]
[Site "Svendborg"]
[Date "2018.03.24"]
[Round "1"]
[White "Mott, Jens"]
[Black "Moller, Albert Mechlenburg"]
[Result "1-0"]
[WhiteElo "1948"]
[BlackElo "1734"]
[PlyCount "71"]
[EventDate "2018.03.24"]
[EventType "swiss"]
[EventRounds "5"]
[EventCountry "DEN"]

1. e4 c5 2. Nf3 d6 3. c3 Nc6 4. Be2 Nf6 5. d4 cxd4 6. cxd4 Bd7 7. Nc3 g6 8. O-O
Bg7 9. d5 Nb8 10. Nd4 O-O 11. Be3 Ne8 12. Qd2 f5 13. exf5 Bxf5 14. Nxf5 Rxf5
15. Bg4 Rf8 16. Ne4 Nc7 17. Rac1 Nd7 18. Ng5 Nc5 19. b4 Nd7 20. Be6+ Kh8 21.
Nf7+ Rxf7 22. Bxf7 Ne5 23. Be6 Nxe6 24. dxe6 Rc8 25. Rxc8 Qxc8 26. Qd5 Nc6 27.
Rc1 a6 28. a4 Qf8 29. b5 axb5 30. axb5 Nd8 31. Rc8 h5 32. Bb6 Kh7 33. Rxd8 Qf4
34. g3 Qc1+ 35. Kg2 g5 36. Be3 1-0

[Event "G5-1"]
[Site "Svendborg"]
[Date "2018.03.24"]
[Round "1"]
[White "Damsbo, Villy"]
[Black "Jorgensen, Orla Eilegaard"]
[Result "1-0"]
[WhiteElo "1855"]
[BlackElo "1659"]
[PlyCount "91"]
[EventDate "2018.03.24"]
[EventType "swiss"]
[EventRounds "5"]
[EventCountry "DEN"]

1. d4 Nf6 2. Nf3 g6 3. g3 Bg7 4. Bg2 d6 5. O-O O-O 6. c4 c6 7. Nc3 Bf5 8. Nh4
Bg4 9. h3 Be6 10. d5 cxd5 11. cxd5 Bd7 12. e4 Qb6 13. Qe2 Na6 14. Be3 Nc5 15.
Rfc1 Rfc8 16. Rab1 Qd8 17. f4 a5 18. Kh2 Rab8 19. e5 dxe5 20. fxe5 Ne8 21. Bf4
e6 22. Qe3 b5 23. Ne2 Na6 24. d6 Nb4 25. a3 Nc6 26. Nf3 f6 27. Nfd4 Nxd4 28.
Qxd4 g5 29. exf6 gxf4 30. fxg7 fxg3+ 31. Nxg3 Nxg7 32. Ne4 Nf5 33. Qf6 Qb6 34.
Qe5 Rxc1 35. Rxc1 Rf8 36. Rc7 Rf7 37. Rxd7 Rxd7 38. Nf6+ Kf7 39. Nxd7 Qf2 40.
Nc5 Nd4 41. Qh5+ Kg8 42. Qg4+ Kf7 43. Ne4 Qxb2 44. Qh5+ Kf8 45. d7 Ke7 46. Qe8#
1-0

[Event "G5-1"]
[Site "Svendborg"]
[Date "2018.03.24"]
[Round "1"]
[White "Syndergaard, Stig"]
[Black "Jacobsen, Hans Endrup"]
[Result "1-0"]
[WhiteElo "1864"]
[BlackElo "1981"]
[PlyCount "129"]
[EventDate "2018.03.24"]
[EventType "swiss"]
[EventRounds "5"]
[EventCountry "DEN"]

1. Nf3 d5 2. c4 c6 3. b3 Nf6 4. g3 Bf5 5. Bg2 Nbd7 6. Bb2 e6 7. O-O Bd6 8. d3
O-O 9. Nbd2 e5 10. e4 Bg4 11. cxd5 cxd5 12. exd5 Nb6 13. Nc4 Re8 14. Re1 Qb8
15. Nxd6 Qxd6 16. Rxe5 Nbxd5 17. Rxe8+ Rxe8 18. Qd2 h6 19. Nd4 a6 20. Re1 Rxe1+
21. Qxe1 Nb4 22. Ba3 a5 23. Bxb4 axb4 24. Nc2 Qxd3 25. Nxb4 Qd7 26. Nc2 b6 27.
Ne3 Be6 28. Qd1 Qc7 29. Qc2 Qe5 30. Qd1 b5 31. Nc2 Nd5 32. Qd4 Qxd4 33. Nxd4
Nc3 34. a3 Bd7 35. Bf1 Kf8 36. Bd3 Ke7 37. Kf1 g6 38. Ke1 Kd6 39. Kd2 b4 40.
axb4 Nd5 41. Bc4 f6 42. Bxd5 Kxd5 43. Kd3 h5 44. b5 Bc8 45. b4 Bb7 46. Nc6 Kd6
47. Na5 Bg2 48. b6 g5 49. b7 Kc7 50. Kd4 h4 51. gxh4 gxh4 52. b5 h3 53. Kc5 Bf3
54. b6+ Kb8 55. Kd6 f5 56. Ke5 Be4 57. Nc4 Kxb7 58. Nd6+ Kxb6 59. Nxe4 fxe4 60.
Kxe4 Kc6 61. Ke5 Kd7 62. Kf6 Ke8 63. f4 Kf8 64. f5 Kg8 65. Ke7 1-0

[Event "G5-1"]
[Site "Svendborg"]
[Date "2018.03.24"]
[Round "1"]
[White "Nielsen, Ture Jungberg"]
[Black "Sorensen, Bernhard W"]
[Result "1-0"]
[WhiteElo "1599"]
[BlackElo "1718"]
[PlyCount "109"]
[EventDate "2018.03.24"]
[EventType "swiss"]
[EventRounds "5"]
[EventCountry "DEN"]

1. e4 e6 2. d4 d5 3. e5 c5 4. c3 Qb6 5. Nf3 Nc6 6. Be2 Bd7 7. O-O cxd4 8. cxd4
Nge7 9. b3 Nf5 10. Bb2 Be7 11. Qd2 O-O-O 12. Rd1 Kb8 13. Na3 h6 14. Nc2 g5 15.
Bd3 g4 16. Bxf5 exf5 17. Nfe1 Bg5 18. Qe2 Nb4 19. Ba3 Bb5 20. Nd3 Bxd3 21. Rxd3
Nxd3 22. Qxd3 Qe6 23. Bd6+ Ka8 24. Nb4 Rc8 25. Qb5 Be7 26. Bxe7 Qxe7 27. Nxd5
Qg5 28. Ne3 Rhd8 29. Qd3 f4 30. Nc4 f3 31. Kf1 Qf4 32. Rd1 Qxh2 33. gxf3 Qh1+
34. Ke2 Qxf3+ 35. Qxf3 gxf3+ 36. Kxf3 Rg8 37. Rh1 Rg6 38. Nd6 Rf8 39. Nf5 Rh8
40. Ke4 h5 41. Rh4 Rg4+ 42. Rxg4 hxg4 43. Kf4 Rg8 44. Nh6 Rd8 45. Ke4 Rd7 46.
Nxg4 b6 47. d5 Kb7 48. d6 Kc6 49. Nf6 Rd8 50. Kf5 a5 51. Nh7 Rh8 52. Ng5 Kd7
53. Nxf7 Rh5+ 54. Kf6 Ke8 55. Ke6 1-0

[Event "G5-1"]
[Site "Svendborg"]
[Date "2018.03.25"]
[Round "2"]
[White "Jacobsen, Hans Endrup"]
[Black "Nielsen, Ture Jungberg"]
[Result "1-0"]
[WhiteElo "1981"]
[BlackElo "1599"]
[PlyCount "135"]
[EventDate "2018.03.24"]
[EventType "swiss"]
[EventRounds "5"]
[EventCountry "DEN"]

1. d4 Nf6 2. c4 g6 3. Nf3 d5 4. cxd5 Nxd5 5. e4 Nb6 6. Nc3 Bg7 7. Be3 O-O 8.
Be2 Nc6 9. O-O Bg4 10. d5 Ne5 11. Nxe5 Bxe2 12. Qxe2 Bxe5 13. f4 Bg7 14. Rad1
Qe8 15. Nb5 Qc8 16. Rc1 c6 17. dxc6 bxc6 18. Na3 Qb7 19. b3 Rfd8 20. Nc4 Nxc4
21. Rxc4 Rd7 22. Rfc1 Rc8 23. Ra4 Qa8 24. Rc5 e6 25. Rca5 Rcc7 26. h3 Bf8 27.
Qf2 Be7 28. Rxa7 Rxa7 29. Rxa7 Rxa7 30. Bxa7 c5 31. Bxc5 Bxc5 32. Qxc5 Qxe4 33.
Qc1 e5 34. fxe5 Qxe5 35. a4 Qd4+ 36. Kh1 Qb4 37. Qc4 Qe1+ 38. Kh2 Qe5+ 39. g3
Qb2+ 40. Kg1 Qa3 41. Qc3 f5 42. a5 Kf7 43. Qc4+ Kf6 44. a6 g5 45. Qd4+ Kg6 46.
a7 Qc1+ 47. Kf2 Qc2+ 48. Ke3 Qxb3+ 49. Kd2 Qb7 50. Qa4 Qa8 51. Ke3 h6 52. Qa6+
Kh5 53. Qa4 Kg6 54. g4 f4+ 55. Kf2 Kg7 56. Qd7+ Kg8 57. Qc7 Qe8 58. Qb8 Qxb8
59. axb8=Q+ Kg7 60. Kf3 Kg6 61. Qd6+ Kg7 62. Ke4 h5 63. gxh5 f3 64. Kxf3 g4+
65. hxg4 Kh8 66. Qe7 Kg8 67. h6 Kh8 68. Qg7# 1-0

[Event "G5-1"]
[Site "Svendborg"]
[Date "2018.03.25"]
[Round "2"]
[White "Sorensen, Bernhard W"]
[Black "Moller, Albert Mechlenburg"]
[Result "0-1"]
[WhiteElo "1718"]
[BlackElo "1734"]
[PlyCount "112"]
[EventDate "2018.03.24"]
[EventType "swiss"]
[EventRounds "5"]
[EventCountry "DEN"]

1. d4 d5 2. Bf4 Nf6 3. e3 g6 4. Be2 Bg7 5. Nd2 c5 6. c3 Nc6 7. h3 cxd4 8. exd4
Bd7 9. Ngf3 a6 10. O-O O-O 11. Re1 Re8 12. Bd3 Qb6 13. Qb3 Qa7 14. a4 a5 15.
Re2 b6 16. Rae1 h6 17. Bb5 e6 18. Qc2 Rac8 19. Bd3 Nb4 20. Qb1 Nxd3 21. Qxd3
Bxa4 22. Ne5 Nd7 23. Ndf3 Bb3 24. Qe3 g5 25. Bg3 Bxe5 26. Nxe5 f6 27. Ng4 Kg7
28. Nh2 Bc4 29. Rd2 a4 30. h4 a3 31. bxa3 Qxa3 32. hxg5 hxg5 33. f4 gxf4 34.
Bxf4 Kf7 35. Ng4 Rc6 36. Nh6+ Ke7 37. Nf5+ Kd8 38. Ng7 Re7 39. Nf5 exf5 40. Qg3
Rxe1+ 41. Qxe1 Qxc3 42. Qh4 Qa3 43. Rd1 b5 44. Qe1 Ra6 45. Bd2 Qe7 46. Qg3 Qe2
47. Qg8+ Kc7 48. Bf4+ Kb7 49. Rc1 Ra2 50. Qg3 Qg4 51. Qh2 Nf8 52. Re1 Re2 53.
Ra1 Ng6 54. Ra7+ Kxa7 55. Bb8+ Ka8 56. Ba7 Qxg2+ 0-1

[Event "G5-1"]
[Site "Svendborg"]
[Date "2018.03.25"]
[Round "2"]
[White "Damsbo, Villy"]
[Black "Svendsen, Peter Willer"]
[Result "1/2-1/2"]
[WhiteElo "1855"]
[BlackElo "1938"]
[PlyCount "126"]
[EventDate "2018.03.24"]
[EventType "swiss"]
[EventRounds "5"]
[EventCountry "DEN"]

1. d4 g6 2. e4 d6 3. Be3 Bg7 4. Nc3 a6 5. Bd3 Nd7 6. Nge2 e6 7. O-O Ne7 8. Qd2
b6 9. Bh6 O-O 10. Bxg7 Kxg7 11. Ng3 Bb7 12. Nce2 c5 13. c3 Ng8 14. f4 Qe7 15.
f5 Qh4 16. Qf4 Qxf4 17. Nxf4 Rae8 18. Bc4 exf5 19. exf5 Ngf6 20. dxc5 dxc5 21.
Rad1 Ne5 22. Bb3 c4 23. Bc2 Neg4 24. Rfe1 Ne3 25. Rd2 Nxc2 26. Rxe8 Rxe8 27.
Rxc2 Ng4 28. Re2 Rxe2 29. Ngxe2 Ne3 30. fxg6 hxg6 31. g3 Be4 32. b4 g5 33. Nh3
Bd3 34. Nd4 Kf6 35. Nf2 Nd5 36. Nd1 Ke5 37. Kf2 Ke4 38. Ke1 Nxc3 39. Nxc3+ Kxd4
40. Kd2 b5 41. a4 bxa4 42. Nxa4 g4 43. Nc3 Bf1 44. Na4 Bd3 45. Nc3 Be4 46. Ne2+
Ke5 47. Ke3 Bd5 48. Nc3 Be6 49. Ne4 Kd5 50. Nc3+ Kc6 51. Kd4 Kb6 52. Ke5 a5 53.
bxa5+ Kxa5 54. Kd4 Kb4 55. Ne4 f5 56. Nc3 Kb3 57. Nd1 Bc8 58. Nc3 Bb7 59. Nd1
Be4 60. Nc3 Bd3 61. Nd1 Be2 62. Nc3 Bf3 63. Nb5 Be4 1/2-1/2

[Event "G5-1"]
[Site "Svendborg"]
[Date "2018.03.25"]
[Round "2"]
[White "Overgaard, Jorgen"]
[Black "Jorgensen, Orla Eilegaard"]
[Result "1-0"]
[WhiteElo "1825"]
[BlackElo "1659"]
[PlyCount "131"]
[EventDate "2018.03.24"]
[EventType "swiss"]
[EventRounds "5"]
[EventCountry "DEN"]

1. d4 b6 2. Bf4 Bb7 3. e3 Nf6 4. Nd2 e6 5. Ngf3 c5 6. c3 cxd4 7. exd4 d5 8. Ne5
Nbd7 9. Ndf3 Be7 10. Nxf7 Kxf7 11. Ng5+ Kg8 12. Nxe6 Qc8 13. Nc7 Rb8 14. Bd3
Ne4 15. Bxe4 dxe4 16. Qb3+ Kf8 17. Ne6+ Ke8 18. Nxg7+ Kd8 19. Bxb8 Qxb8 20. O-O
Nf6 21. Ne6+ Kd7 22. Ng5 Rg8 23. Qe6+ Ke8 24. Nxh7 Rg6 25. Nxf6+ Rxf6 26. Qg8+
Rf8 27. Qg6+ Kd7 28. Qg4+ Ke8 29. Rfe1 Rf4 30. Qg8+ Rf8 31. Qg6+ Kd7 32. Qg4+
Ke8 33. Rxe4 Bxe4 34. Qxe4 Rf4 35. Qg6+ Kd7 36. Re1 Qf8 37. Qe6+ Kd8 38. Qd5+
Kc7 39. f3 Bd6 40. Re6 Rf5 41. Qc4+ Kd7 42. d5 Bc5+ 43. Kh1 Rxf3 44. Qb5+ Kc7
45. Qc6+ Kd8 46. Qa8+ Kc7 47. Qxa7+ Kd8 48. Qb8+ Kd7 49. Qb7+ Kd8 50. Qa8+ Kd7
51. Qc6+ Kd8 52. Re8+ Qxe8 53. Qxe8+ Kxe8 54. gxf3 b5 55. Kg2 Ke7 56. b3 Kf6
57. a4 b4 58. cxb4 Bxb4 59. f4 Kf5 60. Kf3 Bd6 61. a5 Bxf4 62. a6 Bb8 63. h4
Ke5 64. h5 Kxd5 65. h6 Kc6 66. Ke4 1-0

[Event "G5-1"]
[Site "Svendborg"]
[Date "2018.03.25"]
[Round "2"]
[White "Syndergaard, Stig"]
[Black "Mott, Jens"]
[Result "0-1"]
[WhiteElo "1864"]
[BlackElo "1948"]
[PlyCount "120"]
[EventDate "2018.03.24"]
[EventType "swiss"]
[EventRounds "5"]
[EventCountry "DEN"]

1. Nf3 d5 2. c4 c6 3. b3 Nf6 4. g3 Bf5 5. Bg2 e6 6. O-O h6 7. Bb2 Nbd7 8. d3
Bc5 9. Nc3 O-O 10. Qc2 Qc7 11. Rac1 Rac8 12. Na4 Be7 13. cxd5 exd5 14. Rfe1 Bb4
15. Red1 Rfe8 16. a3 Bf8 17. Re1 Bh7 18. Nd2 b5 19. Nc3 Qb6 20. b4 a5 21. Qb3
a4 22. Qd1 Ng4 23. Rf1 f5 24. Nf3 Be7 25. d4 Bd6 26. e3 Qd8 27. h3 Ngf6 28. Ne1
Nb6 29. Nd3 Nc4 30. Qe2 Qc7 31. Nd1 Ne4 32. Bxe4 fxe4 33. Nc5 Qe7 34. Qg4 Nd2
35. Nc3 Nxf1 36. Rxf1 Rcd8 37. Bc1 g6 38. f4 exf3 39. Qxf3 Rf8 40. Nxd5 cxd5
41. Qxd5+ Kh8 42. Rxf8+ Rxf8 43. e4 Qf6 44. Bf4 Bxf4 45. gxf4 Qxf4 46. Qe5+
Qxe5 47. dxe5 Re8 48. e6 Bg8 49. h4 Bxe6 50. Kf2 Kg7 51. Kg3 Kf6 52. Kf4 g5+
53. hxg5+ hxg5+ 54. Ke3 Rd8 55. Kf3 Rd1 56. e5+ Kxe5 57. Ne4 Rf1+ 58. Nf2 g4+
59. Kg2 Rxf2+ 60. Kxf2 Kf4 0-1

[Event "G5-1"]
[Site "Svendborg"]
[Date "2018.03.26"]
[Round "3"]
[White "Svendsen, Peter Willer"]
[Black "Syndergaard, Stig"]
[Result "1/2-1/2"]
[WhiteElo "1938"]
[BlackElo "1864"]
[PlyCount "94"]
[EventDate "2018.03.24"]
[EventType "swiss"]
[EventRounds "5"]
[EventCountry "DEN"]

1. e4 c6 2. d4 d5 3. Nc3 dxe4 4. Nxe4 Nf6 5. Ng5 h6 6. N5f3 Bf5 7. Bc4 e6 8.
Ne2 Bd6 9. Ng3 Bh7 10. O-O b5 11. Bb3 Qc7 12. Qe2 O-O 13. Re1 Nbd7 14. a4 a6
15. Ne5 Bxe5 16. dxe5 Nd5 17. Bd2 Bg6 18. axb5 axb5 19. Rxa8 Rxa8 20. c4 bxc4
21. Bxc4 Qb6 22. Bc1 Nc5 23. h4 Qb4 24. Rd1 Ra1 25. h5 Bh7 26. Nf1 Nb3 27. Bxb3
Qxb3 28. Nd2 Qa4 29. Nc4 Qc2 30. Qxc2 Bxc2 31. Re1 Nf4 32. Bd2 Rxe1+ 33. Bxe1
Nxh5 34. Bd2 g5 35. Na5 Be4 36. Nb7 Nf4 37. f3 Bd5 38. Nc5 Ng6 39. Bc3 Ne7 40.
Kf2 Kg7 41. Nd7 Kg6 42. Nf8+ Kg7 43. Nd7 h5 44. Nf6 Kg6 45. Bb4 Nf5 46. Bc5 h4
47. b4 Kh6 1/2-1/2

[Event "G5-1"]
[Site "Svendborg"]
[Date "2018.03.26"]
[Round "3"]
[White "Moller, Albert Mechlenburg"]
[Black "Jacobsen, Hans Endrup"]
[Result "1/2-1/2"]
[WhiteElo "1734"]
[BlackElo "1981"]
[PlyCount "95"]
[EventDate "2018.03.24"]
[EventType "swiss"]
[EventRounds "5"]
[EventCountry "DEN"]

1. d4 Nf6 2. c4 g6 3. Nc3 d5 4. cxd5 Nxd5 5. g3 c6 6. Bg2 Bg7 7. Nxd5 cxd5 8.
Nf3 Nc6 9. Be3 Qa5+ 10. Bd2 Qb6 11. Bc3 O-O 12. O-O e6 13. e3 Bd7 14. Nd2 Ne7
15. Nb3 Ba4 16. Qd2 Bxb3 17. Bb4 Rfe8 18. axb3 a6 19. Rfc1 Nc6 20. Bc5 Qd8 21.
Bf1 Qd7 22. b4 Reb8 23. b5 axb5 24. Bxb5 Rxa1 25. Rxa1 h5 26. Bb6 Bf8 27. Rc1
Bd6 28. Qc2 Rc8 29. Qa4 Kg7 30. Kg2 Bb8 31. b4 Qd6 32. Bxc6 Rxc6 33. Rxc6 Qxc6
34. Qxc6 bxc6 35. Kf3 e5 36. e4 dxe4+ 37. Kxe4 f5+ 38. Kd3 e4+ 39. Kc4 f4 40.
d5 cxd5+ 41. Kxd5 e3 42. fxe3 fxg3 43. hxg3 Bxg3 44. b5 h4 45. Ke4 Bb8 46. Bd8
h3 47. Kf3 Kf7 48. b6 1/2-1/2

[Event "G5-1"]
[Site "Svendborg"]
[Date "2018.03.26"]
[Round "3"]
[White "Nielsen, Ture Jungberg"]
[Black "Overgaard, Jorgen"]
[Result "1/2-1/2"]
[WhiteElo "1599"]
[BlackElo "1825"]
[PlyCount "54"]
[EventDate "2018.03.24"]
[EventType "swiss"]
[EventRounds "5"]
[EventCountry "DEN"]

1. e4 e5 2. Nf3 Nc6 3. d4 exd4 4. Bc4 Bc5 5. c3 Nf6 6. e5 d5 7. Bb5 Ne4 8. cxd4
Bb4+ 9. Nbd2 O-O 10. Bxc6 bxc6 11. a3 Ba5 12. b4 Bb6 13. h3 a5 14. Bb2 Ba6 15.
Qc2 Nxd2 16. Nxd2 axb4 17. axb4 Bb5 18. Nb3 Rxa1+ 19. Bxa1 Qg5 20. g3 Ra8 21.
Bc3 Bc4 22. Na5 Bb5 23. Bd2 Qg6 24. Qxg6 hxg6 25. Bc3 f6 26. f4 Kf7 27. Kd2 Re8
1/2-1/2

[Event "G5-1"]
[Site "Svendborg"]
[Date "2018.03.26"]
[Round "3"]
[White "Jorgensen, Orla Eilegaard"]
[Black "Sorensen, Bernhard W"]
[Result "1-0"]
[WhiteElo "1659"]
[BlackElo "1718"]
[PlyCount "83"]
[EventDate "2018.03.24"]
[EventType "swiss"]
[EventRounds "5"]
[EventCountry "DEN"]

1. c4 f5 2. Nf3 Nf6 3. g3 e6 4. Bg2 d5 5. cxd5 exd5 6. d4 Bd6 7. e3 O-O 8. O-O
c6 9. b3 Qe7 10. a4 Na6 11. Ba3 Nb4 12. Nbd2 Ne4 13. Rc1 Bd7 14. Bxb4 Bxb4 15.
Nxe4 fxe4 16. Ne5 Be6 17. Qe2 Bd6 18. f4 exf3 19. Nxf3 Bg4 20. Qd3 Rae8 21.
Rce1 Bf5 22. Qd1 Rf6 23. Nh4 Bd7 24. Rxf6 Qxf6 25. e4 dxe4 26. Bxe4 Bb4 27. Rf1
Qg5 28. Qd3 Kh8 29. Nf3 Qh6 30. Ne5 Be6 31. Rf4 Be7 32. Bxh7 Qxh7 33. Ng6+ Kg8
34. Nxe7+ Rxe7 35. Rf8+ Kxf8 36. Qxh7 Bxb3 37. Qf5+ Bf7 38. Qc8+ Be8 39. Qf5+
Bf7 40. Kf2 Kg8 41. Qc5 Bd5 42. Qxe7 1-0

[Event "G5-1"]
[Site "Svendborg"]
[Date "2018.03.27"]
[Round "4"]
[White "Svendsen, Peter Willer"]
[Black "Mott, Jens"]
[Result "1-0"]
[WhiteElo "1938"]
[BlackElo "1948"]
[PlyCount "109"]
[EventDate "2018.03.24"]
[EventType "swiss"]
[EventRounds "5"]
[EventCountry "DEN"]

1. e4 e5 2. Nf3 Nf6 3. Nxe5 d6 4. Nf3 Nxe4 5. Nc3 Nxc3 6. dxc3 Be7 7. Bf4 Nd7
8. Qd2 Nc5 9. O-O-O Ne6 10. Be3 a6 11. Bc4 c6 12. Rhe1 d5 13. Bf1 O-O 14. Kb1
b5 15. Ne5 Qc7 16. f4 Nc5 17. g4 f6 18. Bxc5 Bxc5 19. Nd3 Bd6 20. h3 Bd7 21.
Bg2 Rae8 22. Rxe8 Rxe8 23. a3 Be6 24. f5 Bf7 25. Rf1 Qd8 26. Qf2 Qc7 27. Re1
Rxe1+ 28. Qxe1 a5 29. Qe3 Qd7 30. Kc1 Kf8 31. Kd2 Qe7 32. Qb6 Qc7 33. Qa6 Ke7
34. Qa8 Be8 35. Bf3 g5 36. fxg6 hxg6 37. h4 Bf4+ 38. Nxf4 Qxf4+ 39. Ke2 Qh2+
40. Ke3 Qg1+ 41. Kd2 Qf2+ 42. Be2 Qxh4 43. Qxa5 Qg5+ 44. Kd3 Qe5 45. Qa7+ Bd7
46. Qc5+ Kf7 47. Qe3 Ke6 48. Qh6 Qe4+ 49. Kd2 Ke5 50. Qg7 Qf4+ 51. Kd3 Qe4+ 52.
Kd2 Bxg4 53. Qe7+ Be6 54. Qc7+ Kf5 55. Bd3 1-0

[Event "G5-1"]
[Site "Svendborg"]
[Date "2018.03.27"]
[Round "4"]
[White "Jacobsen, Hans Endrup"]
[Black "Damsbo, Villy"]
[Result "1/2-1/2"]
[WhiteElo "1981"]
[BlackElo "1855"]
[PlyCount "64"]
[EventDate "2018.03.24"]
[EventType "swiss"]
[EventRounds "5"]
[EventCountry "DEN"]

1. d4 d5 2. c4 c6 3. Nc3 e6 4. Nf3 Nf6 5. e3 Nbd7 6. Bd3 Be7 7. O-O O-O 8. b3
b6 9. Bb2 Bb7 10. Qe2 Re8 11. Nd2 dxc4 12. bxc4 e5 13. Nb3 exd4 14. Nxd4 c5 15.
Nf5 Bf8 16. Nb5 Re6 17. Rfd1 a6 18. Nc3 g6 19. Ng3 Bg7 20. Rac1 Qc7 21. Bb1 Rd6
22. Rxd6 Qxd6 23. Rd1 Qe6 24. e4 Re8 25. Nd5 Nxd5 26. cxd5 Qd6 27. Bxg7 Kxg7
28. Qb2+ Kg8 29. Ne2 c4 30. Nd4 Nc5 31. f3 Na4 32. Qc1 b5 1/2-1/2

[Event "G5-1"]
[Site "Svendborg"]
[Date "2018.03.27"]
[Round "4"]
[White "Overgaard, Jorgen"]
[Black "Sorensen, Bernhard W"]
[Result "0-1"]
[WhiteElo "1825"]
[BlackElo "1718"]
[PlyCount "64"]
[EventDate "2018.03.24"]
[EventType "swiss"]
[EventRounds "5"]
[EventCountry "DEN"]

1. d4 e6 2. Bf4 f5 3. e3 Nf6 4. Nf3 d5 5. Bd3 Bd6 6. Ne5 O-O 7. Nd2 Nbd7 8. O-O
Ne4 9. f3 Nef6 10. h3 Nh5 11. Bh2 f4 12. Nxd7 Bxd7 13. e4 c5 14. e5 Be7 15. c3
Qb6 16. Kh1 cxd4 17. cxd4 Qxd4 18. Qb1 g6 19. Re1 Bh4 20. Re2 Rac8 21. Nb3 Qb4
22. Bxg6 hxg6 23. Qxg6+ Ng7 24. Qg4 Be7 25. h4 Be8 26. Bg1 Bh5 27. Qh3 Kh8 28.
Nd4 Bf7 29. h5 Nf5 30. Nxf5 exf5 31. Qxf5 Bg8 32. e6 Rxf5 0-1

[Event "G5-1"]
[Site "Svendborg"]
[Date "2018.03.27"]
[Round "4"]
[White "Moller, Albert Mechlenburg"]
[Black "Nielsen, Ture Jungberg"]
[Result "1-0"]
[WhiteElo "1734"]
[BlackElo "1599"]
[PlyCount "77"]
[EventDate "2018.03.24"]
[EventType "swiss"]
[EventRounds "5"]
[EventCountry "DEN"]

1. d4 Nf6 2. c4 g6 3. Nc3 d5 4. cxd5 Nxd5 5. g3 Bg7 6. Bg2 Nxc3 7. bxc3 c5 8.
e3 O-O 9. Ne2 Nc6 10. O-O e6 11. Ba3 Qa5 12. Bxc5 Rd8 13. Qc1 Qa6 14. Re1 Na5
15. Qa3 Rb8 16. Bb4 Bd7 17. Qxa5 Qc4 18. Bd6 Rbc8 19. Bxb7 Bc6 20. Ba6 Qd5 21.
Qxd5 Bxd5 22. Bxc8 Rxd6 23. Rab1 Bxa2 24. Ra1 Bd5 25. Rxa7 Rb6 26. Ba6 Rb2 27.
c4 Bf3 28. c5 Bf8 29. Nc1 Rc2 30. Nd3 Bh6 31. Ne5 Be4 32. Bd3 Bxe3 33. Bxc2
Bxf2+ 34. Kxf2 Bxc2 35. Rxf7 g5 36. Ra1 Be4 37. Raa7 h5 38. Rac7 h4 39. Rc8#
1-0

[Event "G5-1"]
[Site "Svendborg"]
[Date "2018.03.27"]
[Round "4"]
[White "Jorgensen, Orla Eilegaard"]
[Black "Syndergaard, Stig"]
[Result "0-1"]
[WhiteElo "1659"]
[BlackElo "1864"]
[PlyCount "50"]
[EventDate "2018.03.24"]
[EventType "swiss"]
[EventRounds "5"]
[EventCountry "DEN"]

1. e4 c6 2. d4 d5 3. e5 Bf5 4. Nc3 e6 5. g4 Bg6 6. h4 h5 7. g5 Nd7 8. Bd3 Ne7
9. Bxg6 Nxg6 10. a3 c5 11. Nf3 cxd4 12. Qxd4 Bc5 13. Qa4 a6 14. b4 b5 15. Nxb5
axb5 16. Qxb5 Qb6 17. Qe2 Bxb4+ 18. Bd2 Rxa3 19. Rxa3 Bxa3 20. O-O O-O 21. Ra1
Qb2 22. Qe1 Rb8 23. c3 Ndxe5 24. Nxe5 Nxe5 25. Rxa3 Nf3+ 0-1

[Event "G5-1"]
[Site "Svendborg"]
[Date "2018.03.28"]
[Round "5"]
[White "Mott, Jens"]
[Black "Jacobsen, Hans Endrup"]
[Result "1/2-1/2"]
[WhiteElo "1948"]
[BlackElo "1981"]
[PlyCount "85"]
[EventDate "2018.03.24"]
[EventType "swiss"]
[EventRounds "5"]
[EventCountry "DEN"]

1. e4 c5 2. Nf3 d6 3. c3 Nf6 4. Be2 Nc6 5. Qc2 e5 6. d3 Be7 7. a3 O-O 8. b4 d5
9. b5 dxe4 10. dxe4 Na5 11. c4 Bg4 12. Bb2 Bxf3 13. Bxf3 Qc7 14. O-O b6 15. Re1
Rfd8 16. Be2 Rd7 17. Nc3 Rad8 18. Nd5 Nxd5 19. exd5 Bd6 20. g3 Rf8 21. Bg4 Re7
22. Bc1 g6 23. Bh6 f5 24. Bxf8 Kxf8 25. Bh3 e4 26. Re2 Be5 27. Rae1 Qd6 28. Bg2
Qf6 29. Bxe4 fxe4 30. Rxe4 Nb7 31. Qe2 Bd6 32. f4 Rxe4 33. Qxe4 Qd4+ 34. Re3
Qxe4 35. Rxe4 Be7 36. Re2 Nd6 37. Rc2 Kf7 38. Kf2 h5 39. h3 Bf6 40. g4 hxg4 41.
hxg4 Bd4+ 42. Kf3 Kf6 43. a4 1/2-1/2

[Event "G5-1"]
[Site "Svendborg"]
[Date "2018.03.28"]
[Round "5"]
[White "Sorensen, Bernhard W"]
[Black "Syndergaard, Stig"]
[Result "0-1"]
[WhiteElo "1718"]
[BlackElo "1864"]
[PlyCount "38"]
[EventDate "2018.03.24"]
[EventType "swiss"]
[EventRounds "5"]
[EventCountry "DEN"]

1. d4 Nf6 2. Bf4 Nc6 3. e3 d5 4. Nd2 Bf5 5. Be2 e6 6. c3 Bd6 7. Bg3 O-O 8. Ngf3
a6 9. Nh4 Ne4 10. Nxf5 exf5 11. c4 Bb4 12. cxd5 Bxd2+ 13. Kf1 Qxd5 14. Bxc7 Ba5
15. Bf4 g5 16. Bg3 f4 17. exf4 gxf4 18. Bxf4 Qxd4 19. Bd3 Qxf2# 0-1

[Event "G5-1"]
[Site "Svendborg"]
[Date "2018.03.28"]
[Round "5"]
[White "Damsbo, Villy"]
[Black "Overgaard, Jorgen"]
[Result "1/2-1/2"]
[WhiteElo "1855"]
[BlackElo "1825"]
[PlyCount "45"]
[EventDate "2018.03.24"]
[EventType "swiss"]
[EventRounds "5"]
[EventCountry "DEN"]

1. d4 d5 2. Nf3 e6 3. g3 f5 4. Bg2 c6 5. O-O Bd6 6. Ne5 Nf6 7. c4 O-O 8. cxd5
exd5 9. f4 Ne4 10. Nd2 Nd7 11. Nxe4 fxe4 12. Bh3 Nf6 13. Bxc8 Qxc8 14. Kg2 Qf5
15. Bd2 h5 16. e3 g6 17. b4 a6 18. a4 Kg7 19. Rb1 Rac8 20. Qe2 Qe6 21. b5 axb5
22. axb5 c5 23. dxc5 1/2-1/2

[Event "G5-1"]
[Site "Svendborg"]
[Date "2018.03.28"]
[Round "5"]
[White "Moller, Albert Mechlenburg"]
[Black "Svendsen, Peter Willer"]
[Result "1-0"]
[WhiteElo "1734"]
[BlackElo "1938"]
[PlyCount "97"]
[EventDate "2018.03.24"]
[EventType "swiss"]
[EventRounds "5"]
[EventCountry "DEN"]

1. d4 g6 2. c4 Bg7 3. Nc3 d6 4. g3 Nf6 5. Bg2 O-O 6. e3 c6 7. Nge2 e5 8. O-O
Nbd7 9. b3 Qc7 10. Ba3 Re8 11. d5 c5 12. e4 a6 13. Bb2 Nf8 14. a4 Bd7 15. Qc2
Qc8 16. a5 Bh3 17. Na4 Bxg2 18. Kxg2 Qg4 19. f3 Qh5 20. Bc1 Bh6 21. Nb6 Rad8
22. Bxh6 Qxh6 23. Ng1 N8d7 24. Nxd7 Rxd7 25. b4 cxb4 26. Qb2 Rc8 27. Qxb4 Rc5
28. Rfe1 Rdc7 29. Ra2 Nd7 30. Rf2 Qf8 31. Rc1 f5 32. Nh3 Qh6 33. Re1 Nf6 34.
Qb6 Rd7 35. Qb4 fxe4 36. fxe4 Ng4 37. Rf3 g5 38. Ref1 Ne3+ 39. Rxe3 g4 40. Nf4
Rf7 41. Qa4 exf4 42. gxf4 Rxf4 43. Rxf4 Qxf4 44. Qe8+ Kg7 45. Rg3 Rxc4 46. Qd7+
Kf6 47. Qe6+ Kg5 48. Qe7+ Kh6 49. Qh4+ 1-0